000 00285nam a22001337a 4500
008 170522b xxu||||| |||| 00| 0 eng d
020 _a0750921714
041 _aeng
080 _a94(100)
100 _a16
101 _aSHH
245 _aTROUBLE SPOTS
_cHEISBOURG,F
942 _2udc
_cBK
999 _c13715
_d13715